Sanat - "Kukkuva kello" - Suomalainen kansanlaulu - Statistics

Yleistilastot
  • Tätä visaa on pelattu 6 kertaa
  • Keskiarvotulos 37 / 67
Vastaustilastot
Vastaus % Oikein
kello
100%
kello
100%
kello
100%
kukkumaan
100%
kukkuva
100%
kukkuva
100%
kukkuva
100%
se
100%
se
100%
se
100%
se
100%
seinälle
100%
kamarisi
80%
Osta
80%
osta
80%
Osta
80%
osta
80%
poika
80%
poika
80%
80%
80%
80%
80%
tyttö
80%
tyttö
80%
en
60%
jotta
60%
jotta
60%
jotta
60%
liikaa
60%
60%
60%
määrät
60%
määrät
60%
määrät
60%
nukkuisi
60%
tietäisin
60%
tietäisin
60%
tunnin
60%
tunnin
60%
tunnin
60%
vaan
60%
jottei
40%
jottei
40%
sun
40%
sun
40%
aittasi
20%
hännin
20%
hännin
20%
hännin
20%
hännin
20%
joka
20%
kulukia
20%
pyhä
20%
raitilla
20%
roikkumaan
20%
ruinuilla
20%
ruinuilla
20%
ruinuilla
20%
ruinuilla
20%
krinuliinitanttu
0%
krinuliinitanttu
0%
krinuliinitanttu
0%
krinuliinitanttu
0%
orrelle
0%
tarvitte
0%
tarvitte
0%
Ehtoja vastaavia visoja ei löytynyt
Tulosjakauma
Jokaisen tuloksen saaneiden osuus
Persentiili vastausten määrän mukaan
Tuloshistoriasi
Et ole pelannut tätä visaa